Safe as houses? (Record no. 69093)

MARC details
000 -LEADER
fixed length control field 01169cam a2200253 4500
001 - CONTROL NUMBER
control field ABS64948
008 - FIXED-LENGTH DATA ELEMENTS--GENERAL INFORMATION
fixed length control field 011212n2001 000 0 eng u
035 ## - SYSTEM CONTROL NUMBER
System control number (Sirsi) u115975
100 ## - MAIN ENTRY--PERSONAL NAME
Personal name Barsby,
245 ## - TITLE STATEMENT
Title Safe as houses?
260 ## - PUBLICATION, DISTRIBUTION, ETC.
Date of publication, distribution, etc. 2001
490 ## - SERIES STATEMENT
Series statement New Law Journal
Volume/sequential designation 151(7009) 1722-1723(2)
520 ## - SUMMARY, ETC.
Summary, etc. Examines the legal protection available to occupiers of caravans and mobile homes. Outlines caravan sites legislation with particular reference to the Caravan Sites Act 1968 and the Mobile Homes Act 1983, and discusses whether a caravan should treated as a chattel or a building. Considers the application of landlord and tenant law for caravan occupiers who are not protected under the caravan sites legislation. Concludes that the law surrounding caravan sites is complex and can give rise to different interpretations in the protection it offers occupiers. Case law.
590 ## - LOCAL NOTE (RLIN)
Local note ABS
650 ## - SUBJECT ADDED ENTRY--TOPICAL TERM
Topical term or geographic name entry element CARAVANS
650 ## - SUBJECT ADDED ENTRY--TOPICAL TERM
Topical term or geographic name entry element OCCUPIERS
650 ## - SUBJECT ADDED ENTRY--TOPICAL TERM
Topical term or geographic name entry element CHATTELS
650 ## - SUBJECT ADDED ENTRY--TOPICAL TERM
Topical term or geographic name entry element MOBILE HOMES
650 ## - SUBJECT ADDED ENTRY--TOPICAL TERM
Topical term or geographic name entry element LANDLORD AND TENANT LAW
650 ## - SUBJECT ADDED ENTRY--TOPICAL TERM
Topical term or geographic name entry element CARAVAN SITES ACT 1968
650 ## - SUBJECT ADDED ENTRY--TOPICAL TERM
Topical term or geographic name entry element MOBILE HOMES ACT 1983
690 ## - LOCAL SUBJECT ADDED ENTRY--TOPICAL TERM (OCLC, RLIN)
Topical term or geographic name as entry element PROPERTY
942 ## - ADDED ENTRY ELEMENTS (KOHA)
Suppress in OPAC 0
Holdings
Withdrawn status Lost status Source of classification or shelving scheme Damaged status Not for loan Home library Current library Shelving location Date acquired Total Checkouts Full call number Barcode Date last seen Copy number Price effective from Koha item type
    Dewey Decimal Classification     London London Journal article 12/12/2001   ABS64948 115975-1001 06/08/2019 1 06/08/2019 Journal article